Cómo ofertar productos de exportación (Registro nro. 23755)

Detalles MARC
000 -LEADER
fixed length control field 00334 a2200109 4500
001 - CONTROL NUMBER
control field ART_9635
005 - DATE AND TIME OF LATEST TRANSACTION
control field 20260410161837.0
008 - FIXED-LENGTH DATA ELEMENTS--GENERAL INFORMATION
fixed length control field 260409a
100 1# - MAIN ENTRY--PERSONAL NAME
Personal name Fratalocchi, Aldo
245 10 - TITLE STATEMENT
Title Cómo ofertar productos de exportación
773 0# - HOST ITEM ENTRY
Title Contabilidad y administración
Related parts - Año 6, Nº 56 (feb. 1982)
Record control number REV5485

No hay ítems disponibles.